000 00848nam a2200289Ia 4500
005 20250425162224.0
008 250425s9999 xx 000 0 und d
020 _a9284403324
041 _aspa
043 _asp
082 _a338.4791
_pOMT
100 _aOrganización Mundial del Turismo, OMT
245 0 _aPromoción de destinos turísticos en el ciberespacio: Retos del Marketing Electrónico
250 _aPrimera edición
260 _aEspaña
_bOrganización Mundial del Turismo
_c1999
300 _a185 página
_c30 cm.
500 _aIncluye índice
650 _aInternet
650 _aMarketing electrónico
650 _aPromoción online
650 _aPromoción Turística
650 _aTurismo
710 _aORGANIZACION MUNDIAL DEL TURISMO
902 _aMonográfico
_cImpreso
942 _c01
010 _a57807
999 _c224836
_d224836